000
00249nam a2200097Ia 4500
001
779497
005
20250826165945.0
008
250824s9999 xx 000 0 und d
245
0
_a
GERÇEKTEN YAŞIYOR MUSUN
_c
ARET VARTANYAN
260
_b
DESTEK YAYINLARI
999
_c
779497
_d
779497